1865 1858 1798 1428 1280 1116 1765 1450 1583 1010 1848 1406 1040 1360 1016 1749 1550 1972 1879 1516 1975 1196 1113 1741 1270 1305 1967 1800 1821 1825 1696 1720 1181 1593 1089 1217 1741 1804 1059 1549 1296 1447 1566 1270 1408 1225 1670 1349 1635 1910 1049 1789 1541 1644 1136 1931 1047 1696 1625 1000 1062 1137 1169 1582 1427 1528 1620 1267 1908 1762 1103 1478 1069 1764 1140 1728 1990 1935 1351 1963 1008 1255 1807 1789 1432 1760 1242 1686 1411 1006 1213 1755 1599 1361 1205 1728 1815 1842 1505 BCNSPRNW ULIB Ver.6.0+V

เปลี่ยนเป็นภาษาไทย

Change to English
 แสดงรายละเอียดบรรณานุกรม
  กลับหน้าหลัก

Brief Record : Get Marc (ISO 2709) : E-mail record : QR code < ปิดหน้าต่าง
LEADER : 00000nam 2200000uu 4500
001    13399120437
003     ULIB
008    120920s2547||||th 000 0 tha d
020    ^a9789746563802
060 04 ^aWB115^bส731อ ล.2 2547
245 00 ^aอายุรศาสตร์ประยุกต์^nเล่ม 2 /^cสิริ เชี่ยวชาญวิทย์,ชัยยุทธ เจริญธรรม, เกษตร ฉิมพลี, บรรณาธิการ
250    ^aพิมพ์ครั้งที่ 1
260    ^aเชียงใหม่ :^bภาควิชาอายุรศาสตร์ คณะแพทยศาสตร์มหาวิทยาลัยเชียงใหม่,^c2547
300    ^a277, [3] หน้า :^bภาพประกอบ ;^c27 ซม.
650  7 ^aอายุรศาสตร์
650  7 ^aอายุรศาสตร์^vรวมเรื่อง
700 0  ^aสิริ เชี่ยวชาญวิทย์,^eบรรณาธิการ
700 0  ^aชัยยุทธ เจริญธรรม,^eบรรณาธิการ
700 0  ^aเกษตร ฉิมพลี,^eบรรณาธิการ
710 2  ^aมหาวิทยาลัยเชียงใหม่. ^bภาควิชาอายุรศาสตร์
945    ^p0^l0^i24668
945    ^p0^l0^i24669
995    ^aกัณชพร
999 ^a ใช้งานได้ทุกระบบ
รายการนี้ยังไม่มีแท็ก
คุณยังไม่ได้ล็อกอิน คุณสามารถมีกิจกรรมร่วมกับเว็บไซต์ได้ แต่ต้องล็อกอินก่อน ::
  ล็อกอิน

รายการสื่อสารสนเทศ

ลำดับที่ ประเภท เลขเรียก/บาร์โค้ด สถานที่ สถานะ
1. วิทยาศาสตร์การแพทย์ และสุขภาพ
วิทยาศาสตร์การแพทย์ และสุขภาพ
WB115 ส731อ ล.2 2547  
  Barcode: 24668
ห้องสมุดวิทยาเขตสวรรค์ประชารักษ์
►หนังสือทั่วไป
บนชั้น
2. วิทยาศาสตร์การแพทย์ และสุขภาพ
วิทยาศาสตร์การแพทย์ และสุขภาพ
WB115 ส731อ ล.2 2547 ฉ.2 
  Barcode: 24669
ห้องสมุดวิทยาเขตสวรรค์ประชารักษ์
►หนังสือทั่วไป
บนชั้น

รายการใกล้เคียง
    หัวเรื่อง [อายุรศาสตร์]

BibComment


ยังไม่เคยถูกคอมเมนท์

คอมเมนท์ทรัพยากรรายการนี้
  คอมเมนท์: อายุรศาสตร์ประยุ..


 Copyright 2026. Bcnsprnw @Library